Los perros hambrientos
Los perros hambrientos, obra literaria de Ciro Alegría, retrata la historia de Antuca Robles, una niña perteneciente a la comunidad indígena de Rumi, quien se dedica al pastoreo de ovejas, en compañía de sus cuatro perros (Wanka, Zambo, Gueso y Pellejo). El relato muestra una serie de eventos desafo...
Bewaard in:
| Hoofdauteur: | |
|---|---|
| Formaat: | Boek |
| Taal: | Undetermined |
| Gepubliceerd in: |
Buenos Aires, Argentina
Editorial Losada
1978
|
| Editie: | 6 |
| Onderwerpen: | |
| Tags: |
Voeg label toe
Geen labels, Wees de eerste die dit record labelt!
|
MARC
| LEADER | 00000nam a2200000Ia 4500 | ||
|---|---|---|---|
| 008 | 170316s9999 xx 000 0 und d | ||
| 040 | |a cru BVZT | ||
| 090 | |a 860 A-8p | ||
| 100 | |a Alegría, Ciro | ||
| 245 | |a Los perros hambrientos |c / Ciro Alegría | ||
| 250 | |a 6 | ||
| 260 | |a Buenos Aires, Argentina | ||
| 260 | |b Editorial Losada | ||
| 260 | |c 1978 | ||
| 300 | |a 151 páginas | ||
| 520 | |a Los perros hambrientos, obra literaria de Ciro Alegría, retrata la historia de Antuca Robles, una niña perteneciente a la comunidad indígena de Rumi, quien se dedica al pastoreo de ovejas, en compañía de sus cuatro perros (Wanka, Zambo, Gueso y Pellejo). El relato muestra una serie de eventos desafortunados, a raíz de una fuerte sequía que azota a la región, trayendo el hambre y la violencia a la comunidad, además, de exponer la temática del abuso de poder y la injusticia social perpetrada sobre los pueblos originarios, debido a latifundismos, muy habitual en el Perú de los años 40´s. | ||
| 650 | |a LITERATURA LATINOAMERICANA |9 15 | ||
| 650 | |a NOVELA |9 13 | ||
| 999 | |c 30355 |d 30355 | ||
| 942 | |c 15 D |h 860 A-8p |2 z | ||
